Statistics for Tampa Bay Lightning Roster

Click here to take the quiz!

General Stats

  • This quiz has been taken 102 times
    (30 since last reset)
  • The average score is 15 of 26

Answer Stats

Number Player % Correct
9Johnson
100%
86Kucherov
100%
91Stamkos
100%
77Hedman
94%
21Point
88%
88Vasilevski
88%
37Gourde
82%
18Palat
82%
24Callahan
76%
70Domingue
71%
13Paquette
65%
10Miller
65%
17Killorn
65%
27McDonagh
59%
70Cirelli
53%
98Sergachev
53%
6Stralman
47%
55Coburn
47%
5Girardi
41%
59Erne
35%
31Budaj
24%
62Sustr
24%
14Kunitz
24%
59Dotchin
18%
29Koekkoek
18%
89Conacher
12%

Score Distribution

Percentile by Number Answered

Percent of People with Each Score

Your Score History

You have not taken this quiz since the last reset